Securities Regulation Cases And Materials (Record no. 52132)
[ view plain ]
| 000 -LEADER | |
|---|---|
| fixed length control field | 00286nam a22001217a 4500 |
| 008 - FIXED-LENGTH DATA ELEMENTS--GENERAL INFORMATION | |
| fixed length control field | 181107b xxu||||| |||| 00| 0 eng d |
| 041 ## - LANGUAGE CODE | |
| Language code of text/sound track or separate title | eng |
| 080 ## - UNIVERSAL DECIMAL CLASSIFICATION NUMBER | |
| Edition identifier | 7 th |
| Universal Decimal Classification number | 341 |
| 100 ## - Rafti | |
| Rafti | 15 |
| 101 ## - Shkurtesa | |
| Shkurtesa | jur |
| 245 ## - TITLE STATEMENT | |
| Title | Securities Regulation Cases And Materials |
| Statement of responsibility, etc | Cox,M |
| 942 ## - ADDED ENTRY ELEMENTS (KOHA) | |
| Source of classification or shelving scheme | |
| Item type | Books |
| Withdrawn status | Lost status | Source of classification or shelving scheme | Damaged status | Not for loan | Collection code | Permanent location | Current location | Shelving location | Date acquired | Total Checkouts | Full call number | Barcode | Date last seen | Price effective from | Koha item type |
|---|---|---|---|---|---|---|---|---|---|---|---|---|---|---|---|
| Koleksioni i përgjithshem | UBT - Lipjan | UBT - Lipjan | Koleksioni i përgjithshem | 11/07/2018 | 341 COX | 002-3018210 | 11/07/2018 | 11/07/2018 | Books | ||||||
| Koleksioni i përgjithshem | UBT - Lipjan | UBT - Lipjan | Koleksioni i përgjithshem | 11/07/2018 | 341 COX | 002-3018200 | 11/07/2018 | 11/07/2018 | Books |